000 00217nam a22000857a 4500
008 160928b xxu||||| |||| 00| 0 eng d
100 _9813
_aRidout.C.J.
245 _aEnglish-1
260 _aNew Delhi
_bB-son Publications
_c2011
999 _c3467
_d3467